[Event "GER-ch U18 sf Berlin Online"]
[Site "Playchess.com INT"]
[Date "2020.05.01"]
[Round "12"]
[White "Juergenpott, Maximilian"]
[Black "Wolfram, Florian"]
[Result "1-0"]
[WhiteElo "1556"]
[BlackElo "1620"]
[PlyCount "63"]
[EventDate "2020.05.01"]
[EventType "swiss (blitz)"]
[EventRounds "13"]
[EventCountry "GER"]
[SourceTitle "CBM 195 Extra"]
[Source "ChessBase"]
[SourceDate "2020.05.31"]
[SourceVersion "1"]
[SourceVersionDate "2020.05.31"]
[SourceQuality "1"]

1. e4 e5 2. Nf3 Nc6 3. d3 Nf6 4. Nbd2 Bc5 5. h3 Nd4 6. c3 Nxf3+ 7. Nxf3 d6 8. Be2 d5 9. Qc2 dxe4 10. dxe4 0-0 11. Nxe5 Qe8 12. Bf4 Bd6 13. Nd3 Bxf4 14. Nxf4 Qxe4 15. Qxe4 Nxe4 16. f3 Ng5 17. 0-0-0 Bf5 18. Bd3 Bxd3 19. Rxd3 Rad8 20. Rhd1 Rxd3 21. Rxd3 Ne6 22. Ne2 Nc5 23. Rd5 b6 24. b4 Na4 25. Kc2 c5 26. Kb3 b5 27. bxc5 h6 28. c6 Re8 29. Nd4 a6 30. c7 Rc8 31. Rd8+ Kh7 32. Rxc8 1-0

[Event "GER-ch U18 sf Berlin Online"]
[Site "Playchess.com INT"]
[Date "2020.05.01"]
[Round "3"]
[White "Liu, Jan Luca"]
[Black "Wolfram, Florian"]
[Result "0-1"]
[WhiteElo "1620"]
[BlackElo "1620"]
[PlyCount "60"]
[EventDate "2020.05.01"]
[EventType "swiss (blitz)"]
[EventRounds "13"]
[EventCountry "GER"]
[SourceTitle "CBM 195 Extra"]
[Source "ChessBase"]
[SourceDate "2020.05.31"]
[SourceVersion "1"]
[SourceVersionDate "2020.05.31"]
[SourceQuality "1"]

1. e4 e5 2. Nf3 Nc6 3. Nc3 Nf6 4. Bc4 Bd6 5. d3 Bc5 6. Ne2 0-0 7. Ng3 Nd4 8. Nxd4 exd4 9. c3 dxc3 10. bxc3 d6 11. 0-0 Bg4 12. Qd2 a6 13. h3 Be6 14. Bxe6 fxe6 15. Qe2 e5 16. Qf3 Nd7 17. Qh5 Nf6 18. Qg5 d5 19. Nh5 Nxh5 20. Qxh5 dxe4 21. dxe4 Rf7 22. Qxe5 Qf8 23. Qg3 Bd6 24. Qh4 Bc5 25. Be3 Bxe3 26. fxe3 Rf6 27. e5 Rxf1+ 28. Rxf1 Qd8 29. Qxd8+ Rxd8 30. Kh2 b5 0-1

[Event "GER-ch U18 sf Berlin Online"]
[Site "Playchess.com INT"]
[Date "2020.05.01"]
[Round "6"]
[White "Wolfram, Florian"]
[Black "Schoen, Florian"]
[Result "0-1"]
[WhiteElo "1620"]
[BlackElo "1585"]
[PlyCount "104"]
[EventDate "2020.05.01"]
[EventType "swiss (blitz)"]
[EventRounds "13"]
[EventCountry "GER"]
[SourceTitle "CBM 195 Extra"]
[Source "ChessBase"]
[SourceDate "2020.05.31"]
[SourceVersion "1"]
[SourceVersionDate "2020.05.31"]
[SourceQuality "1"]

1. e4 e5 2. Nf3 Nc6 3. Nc3 Nf6 4. Bc4 Bc5 5. d3 d6 6. Nd5 h6 7. 0-0 Bg4 8. Nxf6+ Qxf6 9. Be3 Nd4 10. Bxd4 Bxd4 11. c3 Bb6 12. d4 exd4 13. cxd4 Bxf3 14. gxf3 Qxd4 15. Qxd4 Bxd4 16. Rad1 Be5 17. b4 f6 18. a4 0-0-0 19. Be6+ Kb8 20. b5 Rde8 21. Bd5 g5 22. a5 h5 23. a6 b6 24. Bb7 g4 25. fxg4 hxg4 26. f4 gxf3 27. Rxf3 Rxh2 28. Rc1 Rg8+ 29. Kf1 Rh1+ 30. Ke2 Rxc1 31. Kd2 Rcg1 32. Ra3 R8g2+ 33. Ke3 Re1+ 34. Kf3 Rg3+ 35. Kf2 Rxa3 36. Kxe1 Ra2 37. Kd1 Bg3 38. Kc1 Rf2 39. Kd1 f5 40. exf5 Rxf5 41. Ke2 Rxb5 42. Kf3 Be5 43. Ke4 c5 44. Kd5 Rb4 45. Kc6 c4 46. Kd7 c3 47. Bc8 c2 48. Bb7 c1Q 49. Kd8 Qc7+ 50. Ke8 Bf6 51. Kf8 Qe7+ 52. Kg8 Qg7# 0-1